000 00636nam a2200241Ia 4500
003 OSt
005 20221007075955.0
006 a|||||r|||| 00| 0
007 ta
008 221006b |||||||| |||| 00| 0 eng d
024 _a35,326
037 _cTextual
040 _aFLL
_cFLL
_beng
041 _2eng
_aeng
082 _aU671:Z2, Q0
100 _aBhat Sairam
_9460672
245 0 _aNatural resources conservation law
250 _a1st
260 _aNew Delhi
_bSAGE Publications Pvt. Ltd India
_c2000
300 _axix,554p
_ccm.
942 _hU671:Z2, Q0
_cTEXL
_2CC
999 _c1157980
_d1157980